00442 2200169 4500001002100000008004100021035002000062245006200082100002000144250000600164260004200170300001200212084001400224082000800238650001400246990001200260INLIS000000000000593 ind  a0010-0424000569 aMateri Persiapan Olimpiade Ilmu KebumiancZadrach L. Dupe aDupe, Zadrach L a1 aJakarta :bBina Prestasi Insanic2012 a264 hlm a900 ZAD m a900 aNon Fiksi a0722395